Normal view MARC view
  • TRANSPORTE PENAL -

Entry Materia

Number of records used in: 1

001 - NÚMERO DE CONTROL DEL REGISTRO

  • campo de control: 44305

003 - IDENTIFICADOR DE NUMERO DE CONTROL

  • campo de control: UPN

005 - FECHA Y HORA DE LA ÚLTIMA TRANSACCIÓN

  • campo de control: 20220427094612.0

008 - DATOS DE LONGITUD FIJA

  • campo de control de longitud fija: 220427|| aca||babn | a|a d

040 ## - FUENTE DE LA CATALOGACIÓN

  • Centro catalogador de origen: UPN

046 ## - FECHAS CON CODIFICACIÓN ESPECIAL

  • Fecha final para contenidos agregados: 2022

150 ## - ENCABEZAMIENTO - TEMÁTICO

  • Término de materia o nombre geográfico como elemento inicial: TRANSPORTE PENAL -
  • Subdivisión geográfica: GRAN BRETAÑA -
  • Subdivisión de materia general: HISTORIA -
  • Subdivisión cronológica: SIGLO XVIII

670 ## - FUENTE EN LA QUE SE LOCALIZARON DATOS

  • Cita de la fuente: LC
  • Información localizada: Penal transportation - Great Britain - History - 18th century

902 ## - CATALOGADOR

  • Catalogador: CAA/270422